| 000 | 00788nam a2200253Ia 4500 | ||
|---|---|---|---|
| 001 | 1123 | ||
| 003 | GE_BSU | ||
| 008 | 181216s||||||||xx |||||||||||||| ||und|| | ||
| 020 | _a978951804365 | ||
| 040 | _cGE_BSU | ||
| 080 | _a611.018.1(075.8) | ||
| 100 | _aФаллер, М.Джеральд. Шилдс, Деннис | ||
| 245 | _aМолекулярная биология клетки | ||
| 245 | _bРуководство для врачей | ||
| 245 | _cПод общ. ред. И.Б.Збарского | ||
| 260 | _aМосква | ||
| 260 | _bБином | ||
| 260 | _c2011 | ||
| 300 | _a256стр. | ||
| 541 | _h50л. | ||
| 653 | _aМолекулярная биология клетки | ||
| 653 | _aმოლეკულური ბიოლოგია | ||
| 942 | _cBK | ||
| 999 |
_c35274 _d35274 |
||